1382 1652 1485 1550 1821 1702 1112 1642 1854 1845 1330 1719 1562 1306 1796 1734 1376 1694 1784 1655 1487 1228 1339 1497 1692 1507 1783 1569 1622 1712 1275 1596 1831 1513 1533 1219 1525 1620 1316 1056 1458 1029 1789 1586 1473 1829 1744 1400 1714 1189 1080 1267 1856 1470 1004 1180 1089 1705 1809 1289 1590 1029 1542 1909 1342 1503 1507 1028 1658 1535 1024 1125 1925 1994 1121 1014 1400 1044 1474 1198 1050 1239 1471 1921 1766 1792 1170 1906 1747 1828 1181 1579 1887 1524 1576 1176 1423 1184 1683 BCNSPRNW ULIB Ver.6.0+V

เปลี่ยนเป็นภาษาไทย

Change to English
 แสดงรายละเอียดบรรณานุกรม
  กลับหน้าหลัก

Brief Record : Get Marc (ISO 2709) : E-mail record : QR code < ปิดหน้าต่าง
LEADER : 00000nam 2200000uu 4500
001    13399124755
003     ULIB
008    160217s2551||||th 000 0 tha d
060  4 WY100^bร297ก
100 0  รังศิมา วงษ์สุทิน
245 00 การรักษาพยาบาลเบื้อนต้นปัญหาทางอายุรกรรมที่พบบ่อย /^cรังศิมา วงษ์สุทิน
260    นครสวรรค์ : ^bวิทยาลัยพยาบาลบรมราชชนนี สวรรค์ประชารักษ์ นครสวรรค์,^c2551
300    167 หน้า
650  7 การรักษาพยาบาลเบื้องต้น
650  7 อายุรกรรม
945    ^p0^l0^i000315
999    ^aเกษร โพธิ์สุวรรณ
รายการนี้ยังไม่มีแท็ก
คุณยังไม่ได้ล็อกอิน คุณสามารถมีกิจกรรมร่วมกับเว็บไซต์ได้ แต่ต้องล็อกอินก่อน ::
  ล็อกอิน

รายการสื่อสารสนเทศ

ลำดับที่ ประเภท เลขเรียก/บาร์โค้ด สถานที่ สถานะ
1. Book การพยาบาล
หนังสือสำรอง
สถานะ=หนังสือสำรอง
WY100 ร297ก ฉ.1 
  Barcode: 000315
ห้องสมุดวิทยาเขตสวรรค์ประชารักษ์
►หนังสือทั่วไป
บนชั้น

รายการใกล้เคียง
    หัวเรื่อง [การรักษาพยาบาลเบื้องต้น]
    หัวเรื่อง [อายุรกรรม]

BibComment


ยังไม่เคยถูกคอมเมนท์

คอมเมนท์ทรัพยากรรายการนี้
  คอมเมนท์: การรักษาพยาบาลเบื..


 Copyright 2026. Bcnsprnw @Library